| 000 | 01727cam a2200373 a 4500 | ||
|---|---|---|---|
| 001 | EDZ0000064093 | ||
| 003 | StDuBDS | ||
| 005 | 20161031105150.0 | ||
| 006 | m||||||||d|||||||| | ||
| 007 | cr ||||||||||| | ||
| 008 | 120327s2001 caua fo| 001|0|eng d | ||
| 020 |
_a9781452220284 (ebook) : _cNo price |
||
| 040 |
_aStDuBDS _beng _cStDuBDS _epn |
||
| 049 | _aAlfaisal Main Library | ||
| 050 | 0 |
_aRJ245 _b.N877 2001 |
|
| 082 | 0 | 4 |
_a618.9200231 _223 |
| 245 | 0 | 0 |
_aNursing interventions for infants, children, and families _h[electronic resource] / _cMartha Craft-Rosenberg and Janice Denehy, editors. |
| 260 |
_aThousand Oaks, Calif. ; _aLondon : _bSAGE, _cc2001. |
||
| 300 |
_a1 online resource (xi, 730 p.) : _bill. |
||
| 500 | _aRev. ed. of: Nursing interventions for infants & children. 1990. | ||
| 504 | _aIncludes bibliographical references and index. | ||
| 520 | 8 | _aDesigned for nurses and student nurses who work with this group, this book covers interventions for infants and children as clients, as well as the family as a client. Each chapter examines the theoretical and research literature support for the invention and links to appropriate nursing diagnoses and outcomes. | |
| 521 | _aSpecialized. | ||
| 588 | _aDescription based on print version record. | ||
| 650 | 0 | _aPediatric nursing. | |
| 655 | 7 |
_aElectronic books. _2local |
|
| 700 | 1 | _aCraft-Rosenberg, Martha. | |
| 700 | 1 | _aDenehy, Janice Ann. | |
| 710 | 2 | _aSage eBooks | |
| 730 | 0 | _aNursing interventions for infants & children. | |
| 776 | 0 | 8 |
_iPrint version : _z9780761907251 |
| 856 | 4 | 0 | _uhttp://ezproxy.alfaisal.edu/login?url=http://sk.sagepub.com/books/nursing-interventions-for-infants-children-and-families |
| 942 |
_2lcc _cEBOOKS |
||
| 999 |
_c480771 _d480771 |
||